MARC-Details
| 000 -Satzkennung |
| Kontrollfeld mit fester Länge |
01768nam a2200409 c 4500 |
| 001 - Kontrollnummer |
| Kontrollfeld |
DHIM2023120517390008 |
| 003 - Kontrollnummer Identifier |
| Kontrollfeld |
RU-10907106 |
| 005 - Datum und Zeit der letzten Transaktion |
| Kontrollfeld |
20231229135035.0 |
| 007 - Feld mit fester Länge zur physischen Beschreibung - Allgemeine Information |
| Kontrollfeld mit fester Länge |
t |
| 008 - Feld mit fester Länge zur physischen Beschreibung - Allgemeine Angaben |
| Kontrollfeld mit fester Länge |
110722s2009 a||| |||| 10||| rus d |
| 020 ## - Internationale Standardbuchnummer |
| Internationale Standardbuchnummer |
9785898968328 |
| Verknüpfung |
978-5-89896-832-8 |
| 035 ## - Systemkontrollnummer |
| System-Kontrollnummer |
(OCoLC)745519587 |
| 035 ## - Systemkontrollnummer |
| System-Kontrollnummer |
(DE-599)BVBBV039153964 |
| 040 ## - Katalogisierungsquelle |
| Original-Katalogisierungsstelle |
DE-604 |
| Katalogisierungssprache |
ger |
| Übertragungsstelle |
RU-10907106 |
| 041 0# - Sprachcode |
| Sprachcode des Textes/der Tonspur oder des separaten Titels |
rus |
| 049 ## - Lokaler Bestand (OCLC) |
| Holding library |
DE-12 |
| 111 2# - Haupteintragung - Kongressname |
| Kongress- oder Gebietskörperschaftsname als Eintragungselement |
Lichudovskie čtenija |
| Zählung eines Teils/einer Abteilung/eines Kongresses |
5 |
| Datum des Kongresses |
2022.04.14-15 |
| Ort des Kongresses |
Velikij Novgorod |
| Funktionsbezeichnung |
VerfasserIn |
| Funktionsbezeichnungscode |
aut |
| Koha-Normdatenidentnummer |
58587 |
| 245 10 - Titel |
| Titel |
Lichudovskie čtenija 2022 |
| Zusatz zum Titel |
Materialy naučnoj konferencii "Pjatye Lichudovskie čtenija", Velikij Novgorod, 14 - 15 maja 2022 goda |
| 264 #1 - Produktion, Veröffentlichung, Distribution, Herstellung und Urheberrechtsvermerk |
| Herstellungs-, Veröffentlichungs- Vertriebs-, Erzeugungsort |
Velikij Novgorod : |
| Produzent, Herausgeber, Distributor, Hersteller |
Novgorodskij gosudarstvennyj universitet imeni Jaroslava Mudrogo, |
| Datum der Herstellung, der Veröffentlichung, des Vertriebs oder des Urheberschutzvermerks |
2023 |
| 300 ## - Physische Beschreibung |
| Umfang |
256 Seiten |
| Andere physische Details |
Illustrationen, graphische Darstellungen |
| 336 ## - Inhaltstyp |
| Inhaltstypterm |
Text |
| Inhaltstypcode |
txt |
| Quelle |
rdacontent |
| 337 ## - Medientyp |
| Bezeichnung des Medientyps |
Ohne Hilfsmittel zu benutzen |
| Medientypcode |
n |
| Quelle |
rdamedia |
| 338 ## - Datenträgertyp |
| Datenträgertypbezeichnung |
Band |
| Datenträgertypcode |
nc |
| Quelle |
rdacarrier |
| 546 ## - Fußnote zur Sprache |
| Sprache |
PST: The Leichoudes' Studies. - In kyrill. Schr., russ. - Zsfassung auch in engl. Sprache |
| 600 ## - Nebeneintragung unter einem Schlagwort - Personenname |
| Personenname |
Leichoudēs, Sōphronios |
| Koha-Normdatenidentnummer |
59419 |
| 600 ## - Nebeneintragung unter einem Schlagwort - Personenname |
| Personenname |
Leichoudēs, Iōannikios |
| Koha-Normdatenidentnummer |
59418 |
| 650 07 - Nebeneintragung unter einem Schlagwort - Sachschlagwort |
| Sachschlagwort oder geografischer Name als Eintragungselement |
Schrifttum |
| IDN des Normdatensatzes oder Standardnummer |
(DE-588)4255550-4 |
| Quelle der Ansetzung oder des Terms |
gnd |
| Koha-Normdatenidentnummer |
58593 |
| 650 07 - Nebeneintragung unter einem Schlagwort - Sachschlagwort |
| Sachschlagwort oder geografischer Name als Eintragungselement |
Hochschule |
| IDN des Normdatensatzes oder Standardnummer |
(DE-588)4072560-1 |
| Quelle der Ansetzung oder des Terms |
gnd |
| 650 07 - Nebeneintragung unter einem Schlagwort - Sachschlagwort |
| Sachschlagwort oder geografischer Name als Eintragungselement |
Bildung |
| IDN des Normdatensatzes oder Standardnummer |
(DE-588)4006650-2 |
| Quelle der Ansetzung oder des Terms |
gnd |
| 651 ## - Nebeneintragung unter einem Schlagwort - Geografischer Name |
| Geografischer Name |
Weliki Nowgorod |
| Koha-Normdatenidentnummer |
4616 |
| 655 #7 - Indexierungsterm - Genre/Form |
| IDN des Normdatensatzes |
|
| Genre/Form oder fokussierter Term |
Konferenzschrift |
| Chronologische Unterteilung |
2004 |
| Geografische Unterteilung |
Nowgorod |
| Quelle der Ansetzung oder des Terms |
gnd-content |
| Koha-Normdatenidentnummer |
58588 |
| 700 1# - Nebeneintragung - Personenname |
| Personenname |
Salonikov, N. V. |
| Funktionsbezeichnung |
HerausgeberIn |
| Funktionsbezeichnungscode |
edt |
| Koha-Normdatenidentnummer |
58589 |
| 700 1# - Nebeneintragung - Personenname |
| Personenname |
Sutorius, K. V. |
| Funktionsbezeichnung |
HerausgeberIn |
| Funktionsbezeichnungscode |
edt |
| Koha-Normdatenidentnummer |
58591 |
| 710 2# - Nebeneintragung - Körperschaftsname |
| Körperschafts- oder Gebietskörperschaftsname als Eintragungselement |
Novgorodskij gosudarstvennyj universitet imeni Jaroslava Mudrogo |
| Funktionsbezeichnung |
Herausgebendes Organ |
| IDN des Normdatensatzes oder Standardnummer |
(DE-588)5234305-4 |
| Funktionsbezeichnungscode |
isb |
| Koha-Normdatenidentnummer |
58584 |
| 942 ## - Zusätzliche Felder (Koha) |
| Koha-Medientyp |
Monographien |
| Klassifikation oder Aufstellungssystematik |
Andere/Generische Klassifikation |